Contemporary marketing (Record no. 359900)

MARC details
000 -LEADER
fixed length control field 00478 a2200193 4500
005 - DATE & TIME
control field 20250430142735.0
008 - FIXED-LENGTH DATA ELEMENTS--GENERAL INFORMATION
fixed length control field 250430b |||||||| |||| 00| 0 eng d
020 ## - ISBN
International Standard Book Number 9789355738479
Price Rs. 850.00
040 ## - CATALOGING SOURCE
Original cataloging agency VIVEKANANDA LIBRARY
082 ## - DDC NUMBER
Classification number 658.8
Book Number B644C(18)
100 ## - MAIN ENTRY--PERSONAL NAME
Personal name Boone, Louis E.
245 ## - TITLE STATEMENT
Title Contemporary marketing
250 ## - EDITION STATEMENT
Edition statement 18th
260 ## - PUBLICATION, DISTRIBUTION, ETC. (IMPRINT)
Name of publisher, distributor, etc Cengage Learning India
Place of publication, distribution, etc Delhi
Date of publication, distribution, etc 2023
300 ## - PHYSICAL DESCRIPTION
Pages xix, 399
650 ## - Subject
Subject Management
650 ## - Subject
Subject Marketing
942 ## - ADDED ENTRY ELEMENTS (KOHA)
Koha item type Books
Holdings
Withdrawn status Lost status Source of classification or shelving scheme Damaged status Not for loan Location (home branch) Sublocation or collection (holding branch) Shelving location Date acquired Koha issues (times borrowed) Koha full call number Accession No. Koha date last seen Koha item type
    Dewey Decimal Classification     VIVEKANANDA LIBRARY VIVEKANANDA LIBRARY IMSAR Library 01/02/2025   658.8 B644C(18) 420577 01/02/2025 Books
© Designed and Maintained by Vivekananda Library, MDU Rohtak